000 00236nam a2200097Ia 4500
005 20251222114403.0
008 251222s1900||||xx |||||||||||||| ||spa||
082 _aDVD0096/H28/2002
245 0 _aLos nuevos detectives forenses:
942 _cDVD
999 _c1713
_d1713